| 000 | 00767cab a2200253 4500 | ||
|---|---|---|---|
| 001 | ABS56107 | ||
| 008 | 090401t1996 xxu||||| |||| 00| 0 eng d | ||
| 035 | _a(Sirsi) u21256 | ||
| 041 | _aeng | ||
| 100 | _aCrosby, N. | ||
| 245 | _aValuation and arbitrage: a comment | ||
| 260 | _c1996 | ||
| 350 | _a0 | ||
| 490 |
_aJournal of Property Research _v13(3) October 1996, 211-220(6) |
||
| 520 | _aExamines the arbitrage method of valuation compared to modified DCF and real value approaches. References. | ||
| 650 | _aARBITRAGE APPROACH | ||
| 650 | _aINVESTMENT VALUATION | ||
| 650 | _aMODIFIED DISCOUNTED CASH FLOW | ||
| 650 | _aREAL VALUE APPROACH | ||
| 650 | _aVALUATION METHODS | ||
| 690 | _aRATING AND VALUATION | ||
| 942 | _n0 | ||
| 948 | _c04/03/1997 | ||
| 999 |
_c14270 _d14270 |
||